Entertaining German Culture : Contemporary Transnational Television and Film.

Bibliographic Details
Main Author: Ehrig, Stephan.
Other Authors: Schaper, Benjamin., Ward, Elizabeth.
Format: eBook
Language:English
Published: New York, NY : Berghahn Books, Incorporated, 2023.
Edition:1st ed.
Series:Film Europa Series
Subjects:
Online Access:Click to View
LEADER 01631nam a22004093i 4500
001 EBC31498596
003 MiAaPQ
005 20240729202206.0
006 m o d |
007 cr cnu||||||||
008 240729s2023 xx o ||||0 eng d
020 |a 9781805390756  |q (electronic bk.) 
020 |z 9781805390558 
035 |a (MiAaPQ)EBC31498596 
035 |a (Au-PeEL)EBL31498596 
040 |a MiAaPQ  |b eng  |e rda  |e pn  |c MiAaPQ  |d MiAaPQ 
050 4 |a PN1993.5.G3 E64 2023 
082 0 |a 791.430943 
100 1 |a Ehrig, Stephan. 
245 1 0 |a Entertaining German Culture :  |b Contemporary Transnational Television and Film. 
250 |a 1st ed. 
264 1 |a New York, NY :  |b Berghahn Books, Incorporated,  |c 2023. 
264 4 |c Ã2023. 
300 |a 1 online resource (306 pages) 
336 |a text  |b txt  |2 rdacontent 
337 |a computer  |b c  |2 rdamedia 
338 |a online resource  |b cr  |2 rdacarrier 
490 1 |a Film Europa Series ;  |v v.27 
588 |a Description based on publisher supplied metadata and other sources. 
590 |a Electronic reproduction. Ann Arbor, Michigan : ProQuest Ebook Central, 2024. Available via World Wide Web. Access may be limited to ProQuest Ebook Central affiliated libraries.  
655 4 |a Electronic books. 
700 1 |a Schaper, Benjamin. 
700 1 |a Ward, Elizabeth. 
776 0 8 |i Print version:  |a Ehrig, Stephan  |t Entertaining German Culture  |d New York, NY : Berghahn Books, Incorporated,c2023  |z 9781805390558 
797 2 |a ProQuest (Firm) 
830 0 |a Film Europa Series 
856 4 0 |u https://ebookcentral.proquest.com/lib/matrademy/detail.action?docID=31498596  |z Click to View